MARC details
| 000 -CABECERA |
| campo de control de longitud fija |
01960cab a2200301 a 4500 |
| 005 - FECHA Y HORA DE LA ÚLTIMA TRANSACCIÓN |
| campo de control |
20251210064113.0 |
| 008 - ELEMENTOS DE LONGITUD FIJA--INFORMACIÓN GENERAL |
| campo de control de longitud fija |
991125c2018 sp zr p o 000 0 spa d |
| 035 ## - NÚMERO DE CONTROL DEL SISTEMA |
| Número de control de sistema |
UPN01000229674 |
| 040 ## - FUENTE DE LA CATALOGACIÓN |
| Centro catalogador/agencia de origen |
MX-MxUPN |
| Lengua de catalogación |
spa |
| Centro/agencia transcriptor |
MX-MxUPN |
| Normas de descripción |
aacr2 |
| 049 ## - COLECCIÓN |
| Colección |
ART-E |
| 100 1# - ASIENTO PRINCIPAL--NOMBRE PERSONAL |
| Nombre de persona |
Cano Bernal, José Ignacio |
| Enlace |
- joseignacio.cano@um.es |
| 100 1# - ASIENTO PRINCIPAL--NOMBRE PERSONAL |
| Nombre de persona |
Solano Fernández, Isabel María |
| 245 10 - MENCIÓN DE TÍTULO |
| Título |
Digital storymaking en la enseñanza de inglés: Una experiencia en el aula de sexto de primaria |
| Medio |
[recurso electrónico en línea] |
| 506 0# - NOTA DE RESTRICCIONES AL ACCESO |
| Limitaciones de acceso |
Acceso abierto |
| 520 3# - NOTA DE RESUMEN, ETC. |
| Sumario, etc. |
Este trabajo describe el proceso de diseño, puesta en práctica y evaluación de una propuesta metodológica que incluye el digital storymaking dentro de la secuencia didáctica de la enseñanza del inglés en sexto de primaria, a fin de crear nuevos contextos de comunicación atrayentes y motivadores. Desde el planteamiento cualitativo de la investigación basada en el diseño, se integra la creación de vídeo en la enseñanza del inglés, examinando los problemas y necesidades surgidos durante su implementación. Los resultados demuestran la efectividad de su planteamiento,pero también se identifican necesidades y problemas que han de resolverse para que su planteamiento sea plenamente funcional. Se discuten además los resultados obtenidos en diferentes niveles educativos. |
| 650 #4 - ASIENTO SECUNDARIO DE MATERIA - TERMINO TEMATICO |
| Término de materia o nombre geográfico como elemento de entrada |
Tecnologías de la información y comunicación |
| 9 (RLIN) |
21219 |
| 650 #2 - ASIENTO SECUNDARIO DE MATERIA - TERMINO TEMATICO |
| 9 (RLIN) |
12188 |
| Término de materia o nombre geográfico como elemento de entrada |
Video educativo |
| 650 #4 - ASIENTO SECUNDARIO DE MATERIA - TERMINO TEMATICO |
| Término de materia o nombre geográfico como elemento de entrada |
Tecnología educativa |
| 9 (RLIN) |
4978 |
| 650 #4 - ASIENTO SECUNDARIO DE MATERIA - TERMINO TEMATICO |
| Término de materia o nombre geográfico como elemento de entrada |
Educación primaria |
| 9 (RLIN) |
1552 |
| 653 0# - TERMINO DE INDIZACION - NO CONTROLADO |
| Término no controlado |
Enseñanza del inglés |
| 653 0# - TERMINO DE INDIZACION - NO CONTROLADO |
| Término no controlado |
Didáctica |
| 773 ## - ENLACE AL DOCUMENTO FUENTE/ENTRADA DE REGISTRO ANFITRIÓN |
| Parte(s) relacionada(s) |
No. 66 (2018), p. 18-31 |
| Título |
Edutec : revista electrónica de tecnología educativa |
| Número Internacional Normalizado para Publicaciones Seriadas |
1135-9250 |
| 856 40 - LOCALIZACIÓN Y ACCESO ELECTRÓNICOS |
| Identificador Uniforme del Recurso |
<a href="http://www.edutec.es/revista/index.php/edutec-e/article/view/1189/641">http://www.edutec.es/revista/index.php/edutec-e/article/view/1189/641</a> |
| 856 40 - LOCALIZACIÓN Y ACCESO ELECTRÓNICOS |
| Identificador Uniforme del Recurso |
<a href="https://doi.org/10.21556/edutec.2018.66.1189">https://doi.org/10.21556/edutec.2018.66.1189</a> |
| 902 ## - ELEMENTOS DE DATOS B LOCAL, LDB (RLIN) |
| Creó |
Gloria Jiménez |
| Modificó |
Gloria Jiménez/180423 |
| 905 ## - TIPO DE MATERIAL |
| Tipo de material |
Articulo |
| 942 ## - ELEMENTOS DE PUNTO DE ACCESO ADICIONAL (KOHA) |
| Tipo de ítem Koha |
Artículo Electrónico |